00681 a2200181 45000010006000000050017000060080041000230030015000640400040000790800022001192450044001412640034001853000019002195050196002381000022004347000023004567000020004792803920260407155552.0260407a1960 arg spa dAR-UNSa-BCEJYS aAR-UNSa-BCEJYSbspacAR-UNSa-BCEJYS a657xContabilidad10aVademecum para Ustedpmanual práctico 1aBuenos Aires :bBasileac1960 a464 p.c23 cm. a1. Contratos e instrumentos varios - 2. Contratos de sociedades comerciales - 3. Correspondecias y escritos usuales - 4. Escritos judiciales - 5. Conociemientos útiles y trámites diversos1 aCalvinho, Luis A.1 aLeone, Fernando H.1 aSun, Ramón F.